000 00510nam a2200181Ia 4500
999 _c21404
_d21404
003 OSt
005 20200615131450.0
008 190216s9999||||xx |||||||||||||| ||und||
020 _a9780706986891
040 _coclc
082 _a301
_bJHA/I
100 _aJha, Makhan
_92905
245 0 _aAn Introduction To Anthropological Thought /
_c Makhan Jha
250 _a2nd Ed.
260 _bVikas Publications,
_c2010.
_aNoida:
300 _a233p
942 _cBK
_2ddc
_h301
_iJHA/I
_k301
_mJHA/I